[Event "KAZ-ch Open 2019"]
[Site "Almaty"]
[Date "2019.04.22"]
[Round "2.2"]
[White "Moisseyenko, Ilya"]
[Black "Makhnev, Denis"]
[Result "0-1"]
[WhiteElo "2329"]
[BlackElo "2483"]
[Annotator "ChessBase"]
[PlyCount "184"]
[EventDate "2019.04.21"]
[EventType "tourn"]
[EventCountry "KAZ"]
[SourceTitle "playchess.com"]
[Source "ChessBase"]
[SourceQuality "1"]
[TimeControl "40/5400+30:1800+30"]

1. d4 {[%emt 0:00:00]} Nf6 {[%emt 0:00:47]} 2. Nf3 {[%emt 0:00:00]} e6 {[%emt 0:00:05]} 3. c4 {[%emt 0:00:00]} b6 {[%emt 0:00:04]} 4. g3 {[%emt 0:00:00]} Ba6 {[%emt 0:00:07]} 5. b3 {[%emt 0:00:00]} Bb4+ {[%emt 0:00:08]} 6. Bd2 {[%emt 0:00:00]} Be7 {[%emt 0:00:07]} 7. Bg2 {[%emt 0:00:02]} c6 {[%emt 0:00:08]} 8. Bc3 {[%emt 0:00:05]} d5 {[%emt 0:00:16]} 9. Ne5 {[%emt 0:00:03]} Nfd7 {[%emt 0:00:15]} 10. Nxd7 {[%emt 0:00:05]} Nxd7 {[%emt 0:00:13]} 11. Nd2 {[%emt 0:00:03]} O-O {[%emt 0:00:31]} 12. O-O {[%emt 0:00:06]} b5 {[%emt 0:02:15]} 13. e4 {[%emt 0:01:08]} bxc4 {[%emt 0:00:10]} 14. bxc4 {[%emt 0:00:08]} dxc4 {[%emt 0:00:06]} 15. Qa4 {[%emt 0:00:09]} Bb5 {[%emt 0:00:08]} 16. Qc2 {[%emt 0:00:03]} a5 {[%emt 0:03:27]} 17. a4 {[%emt 0:06:34]} Ba6 {[%emt 0:00:05]} 18. Rfb1 {[%emt 0:25:17]} Nf6 {[%emt 0:05:45]} 19. Bf1 {[%emt 0:11:36]} c5 {[%emt 0:01:50]} 20. dxc5 {[%emt 0:01:04]} Bxc5 {[%emt 0:00:31]} 21. Nxc4 {[%emt 0:03:05]} Bxc4 {[%emt 0:17:12]} 22. Bxc4 {[%emt 0:00:26]} Ng4 {[%emt 0:00:08]} 23. Be1 {[%emt 0:02:34]} Rc8 {[%emt 0:00:07]} 24. Rc1 {[%emt 0:07:33]} Qf6 {[%emt 0:04:04]} 25. Qe2 {[%emt 0:02:11]} Nxf2 {[%emt 0:00:53]} 26. Bxf2 {[%emt 0:00:28]} Bxf2+ {[%emt 0:00:05]} 27. Qxf2 {[%emt 0:00:04]} Rxc4 {[%emt 0:00:04]} 28. Qxf6 {[%emt 0:00:17]} Rxc1+ {[%emt 0:00:04]} 29. Rxc1 {[%emt 0:00:06]} gxf6 {[%emt 0:00:03]} 30. Rc5 {[%emt 0:01:15]} Rd8 {[%emt 0:00:12]} 31. Rxa5 {[%emt 0:01:18]} Rd4 {[%emt 0:00:04]} 32. Kf2 {[%emt 0:01:14]} Rxe4 {[%emt 0:00:12]} 33. h4 {[%emt 0:17:04]} f5 {[%emt 0:00:56]} 34. Kf3 {[%emt 0:00:11]} Kg7 {[%emt 0:00:11]} 35. Ra8 {[%emt 0:00:07]} Rb4 {[%emt 0:02:42]} 36. a5 {[%emt 0:00:08]} Rb3+ {[%emt 0:00:06]} 37. Kg2 {[%emt 0:01:02]} Ra3 {[%emt 0:02:25]} 38. a6 {[%emt 0:00:15]} e5 {[%emt 0:01:30]} 39. a7 {[%emt 0:14:40]} e4 {[%emt 0:00:10]} 40. Kf2 {[%emt 0:00:00]} Kf6 {[%emt 0:00:00]} 41. Kg2 {[%emt 0:06:06]} Ra2+ {[%emt 0:06:26]} 42. Kg1 {[%emt 0:10:03]} h6 {[%emt 0:05:53]} 43. Kf1 {[%emt 0:09:45]} f4 {[%emt 0:00:13]} 44. Re8 {[%emt 0:01:20]} Rxa7 {[%emt 0:00:21]} 45. Rxe4 {[%emt 0:00:07]} fxg3 {[%emt 0:00:09]} 46. Re3 {[%emt 0:03:39]} Ra4 {[%emt 0:00:15]} 47. Rxg3 {[%emt 0:00:07]} Rxh4 {[%emt 0:00:06]} 48. Ra3 {[%emt 0:00:31]} Rh2 {[%emt 0:00:33]} 49. Kg1 {[%emt 0:00:29]} Re2 {[%emt 0:02:39]} 50. Kf1 {[%emt 0:00:09]} Rd2 {[%emt 0:00:25]} 51. Rf3+ {[%emt 0:00:16]} Ke7 {[%emt 0:00:33]} 52. Re3+ {[%emt 0:00:24]} Kf8 {[%emt 0:00:08]} 53. Rh3 {[%emt 0:00:04]} Rd6 {[%emt 0:00:06]} 54. Kg2 {[%emt 0:00:19]} Kg7 {[%emt 0:00:08]} 55. Ra3 {[%emt 0:00:04]} Rd5 {[%emt 0:00:09]} 56. Ra6 {[%emt 0:00:08]} Rg5+ {[%emt 0:00:12]} 57. Kf3 {[%emt 0:00:05]} h5 {[%emt 0:00:59]} 58. Rb6 {[%emt 0:00:43]} f6 {[%emt 0:02:48]} 59. Rb8 {[%emt 0:00:50]} Kg6 {[%emt 0:01:49]} 60. Rg8+ {[%emt 0:00:31]} Kf7 {[%emt 0:00:17]} 61. Rh8 {[%emt 0:00:57]} Kg7 {[%emt 0:02:35]} 62. Ra8 {[%emt 0:00:14]} Rg4 {[%emt 0:00:03]} 63. Rb8 {[%emt 0:01:07]} Kg6 {[%emt 0:03:53]} 64. Rg8+ {[%emt 0:00:33]} Kf5 {[%emt 0:00:04]} 65. Rh8 {[%emt 0:00:06]} Kg5 {[%emt 0:00:03]} 66. Rg8+ {[%emt 0:00:25]} Kh4 {[%emt 0:00:04]} 67. Rf8 {[%emt 0:00:07]} Rg1 {[%emt 0:00:32]} 68. Rh8 {[%emt 0:04:32]} Rf1+ {[%emt 0:02:02]} 69. Kg2 {[%emt 0:00:15]} Rf5 {[%emt 0:00:10]} 70. Rf8 {[%emt 0:00:50]} Kg4 {[%emt 0:00:24]} 71. Rg8+ {[%emt 0:02:12]} Rg5 {[%emt 0:00:04]} 72. Rf8 {[%emt 0:00:19]} f5 {[%emt 0:01:15]} 73. Kf2 {[%emt 0:00:37]} Rg7 {[%emt 0:02:45]} 74. Ra8 {[%emt 0:03:12]} Rb7 {[%emt 0:00:45]} 75. Rg8+ {[%emt 0:01:27]} Kf4 {[%emt 0:00:04]} 76. Rh8 {[%emt 0:00:08]} Rb2+ {[%emt 0:00:05]} 77. Kg1 {[%emt 0:00:14]} Kg3 {[%emt 0:00:22]} 78. Rg8+ {[%emt 0:00:06]} Kf3 {[%emt 0:00:03]} 79. Rg5 {[%emt 0:00:23]} f4 {[%emt 0:00:06]} 80. Rxh5 {[%emt 0:00:07]} Rb1+ {[%emt 0:00:12]} 81. Kh2 {[%emt 0:00:13]} Kf2 {[%emt 0:00:24]} 82. Ra5 {[%emt 0:00:12]} Re1 {[%emt 0:06:31]} 83. Ra4 {[%emt 0:01:13]} f3 {[%emt 0:00:30]} 84. Ra2+ {[%emt 0:00:14]} Re2 {[%emt 0:00:06]} 85. Ra3 {[%emt 0:02:32]} Kf1+ {[%emt 0:01:32]} 86. Kg3 {[%emt 0:00:51]} f2 {[%emt 0:00:04]} 87. Kh2 {[%emt 0:03:19]} Re5 {[%emt 0:01:08]} 88. Ra1+ {[%emt 0:00:09]} Ke2 {[%emt 0:00:04]} 89. Ra2+ {[%emt 0:00:11]} Kf3 {[%emt 0:00:04]} 90. Ra3+ {[%emt 0:01:07]} Re3 {[%emt 0:00:05]} 91. Ra4 {[%emt 0:01:06]} f1=Q {[%emt 0:00:55]} 92. Rf4+ {[%emt 0:00:04]} Ke2 {[%emt 0:00:04]} 0-1

[Event "KAZ-ch Open 2019"]
[Site "Almaty"]
[Date "2019.04.22"]
[Round "2.3"]
[White "Zhalmakhanov, Ramazan"]
[Black "Kazhgaleyev, Murtas"]
[Result "1/2-1/2"]
[WhiteElo "2346"]
[BlackElo "2578"]
[Annotator "RC"]
[PlyCount "97"]
[EventDate "2019.04.21"]
[EventType "tourn"]
[EventCountry "KAZ"]
[SourceTitle "playchess.com"]
[Source "ChessBase"]
[SourceQuality "1"]
[TimeControl "40/5400+30:1800+30"]

1. e4 {[%emt 0:00:00]} e5 {[%emt 0:07:51]} 2. Nf3 {[%emt 0:00:00]} Nc6 {[%emt 0:01:00]} 3. Bb5 {[%emt 0:00:00]} a6 {[%emt 0:00:32]} 4. Ba4 {[%emt 0:00:00]} Nf6 {[%emt 0:00:05]} 5. O-O {[%emt 0:00:18]} Be7 {[%emt 0:00:06]} 6. Re1 {[%emt 0:00:18]} b5 {[%emt 0:00:04]} 7. Bb3 {[%emt 0:00:05]} O-O {[%emt 0:00:04]} 8. h3 {[%emt 0:04:46]} Bb7 {[%emt 0:00:55]} 9. d3 {[%emt 0:01:00]} d6 {[%emt 0:00:08]} 10. a3 {[%emt 0:01:51]} Qd7 {[%emt 0:01:09]} 11. Nbd2 {[%emt 0:04:54]} Rfe8 {[%emt 0:02:10]} 12. Nf1 {[%emt 0:03:44]} Nd8 {[%emt 0:00:07]} 13. Ng3 {[%emt 0:03:12]} Ne6 {[%emt 0:00:06]} 14. c3 {[%emt 0:06:24]} c5 {[%emt 0:01:17]} 15. d4 {[%emt 0:03:34]} exd4 {[%emt 0:09:40]} 16. cxd4 {[%emt 0:00:08]} d5 {[%emt 0:01:03]} 17. e5 {[%emt 0:09:12]} Ne4 {[%emt 0:01:00]} 18. Nf5 {[%emt 0:01:20]} Bf8 {[%emt 0:08:03]} 19. Be3 {[%emt 0:08:13]} Rac8 {[%emt 0:04:23]} 20. Bc2 {[%emt 0:01:37]} g6 {[%emt 0:09:02]} 21. Nh6+ {[%emt 0:04:16]} Bxh6 {[%emt 0:01:11]} 22. Bxh6 {[%emt 0:00:08]} Nxd4 {[%emt 0:00:59]} 23. Nxd4 {[%emt 0:00:26]} cxd4 {[%emt 0:00:04]} 24. f4 {[%emt 0:17:46]} Rc4 {[%emt 0:07:42]} 25. Bd3 {[%emt 0:02:18]} Nc5 {[%emt 0:02:16]} 26. Bf1 {[%emt 0:05:42]} d3 {[%emt 0:02:44]} 27. b4 {[%emt 0:03:37]} Na4 {[%emt 0:03:46]} 28. Qxd3 {[%emt 0:01:35]} d4 {[%emt 0:00:47]} 29. Qg3 {[%emt 0:01:02]} Rc2 {[%emt 0:05:54]} 30. Rac1 {[%emt 0:01:50]} Rxc1 {[%emt 0:07:15]} 31. Rxc1 {[%emt 0:00:07]} Nc3 {[%emt 0:00:18]} 32. Qh4 {[%emt 0:04:43]} f5 {[%emt 0:03:43]} 33. Qf6 {[%emt 0:03:07]} Nd5 {[%emt 0:03:25]} 34. Qd6 {[%emt 0:02:10]} Qxd6 {[%emt 0:01:12]} 35. exd6 {[%emt 0:00:02]} Rd8 {[%emt 0:00:17]} 36. Rd1 {[%emt 0:00:37]} Rxd6 {[%emt 0:02:48]} 37. Rxd4 {[%emt 0:00:07]} Kf7 {[%emt 0:00:43]} 38. Be2 {[%emt 0:03:03]} Rd7 {[%emt 0:02:34]} 39. Bf3 {[%emt 0:00:26]} Bc6 {[%emt 0:01:02]} 40. Bxd5+ {[%emt 0:00:00]} Bxd5 {[%emt 0:00:00]} 41. Kf2 {[%emt 0:01:34]} Rd8 {[%emt 0:03:24]} 42. Bg5 {[%emt 0:00:14]} Rd6 {[%emt 0:00:12]} 43. Bh6 {[%emt 0:00:11]} Ke6 {[%emt 0:06:42]} 44. Bf8 {[%emt 0:00:35]} Rc6 {[%emt 0:00:45]} 45. Bc5 {[%emt 0:00:06]} a5 {[%emt 0:00:16]} 46. Rd2 {[%emt 0:00:35]} axb4 {[%emt 0:00:05]} 47. axb4 {[%emt 0:00:18]} Ra6 {[%emt 0:00:33]} 48. Re2+ {[%emt 0:00:06]} Be4 {[%emt 0:00:32]} 49. Rd2 {[%emt 0:00:03] Ke5} 1/2-1/2

[Event "KAZ-ch Open 2019"]
[Site "Almaty"]
[Date "2019.04.22"]
[Round "2.4"]
[White "Urazayev, Arystanbek"]
[Black "Kazakov, Konstantin"]
[Result "1/2-1/2"]
[WhiteElo "2446"]
[BlackElo "2369"]
[Annotator "TA"]
[PlyCount "91"]
[EventDate "2019.04.21"]
[EventType "tourn"]
[EventCountry "KAZ"]
[SourceTitle "playchess.com"]
[Source "ChessBase"]
[SourceQuality "1"]

{[%evp 9,91,0,47,0,7,3,10,6,7,-16,0,0,0,0,12,0,0,0,0,-5,0,0,0,0,0,0,0,0,0,0,0,1,29,20,18,14,26,0,0,-13,8,4,118,105,111,116,122,107,746,148,144,145,143,145,142,141,153,145,138,142,170,82,218,47,47,47,47,0,0,0,47,50,50,0,0,0,0,0,0,0,0,0,0,0]} 1. e4 c5 2. Nf3 Nf6 3. e5 Nd5 4. Nc3 e6 5. g3 Nxc3 (5... Nc6 6. Bg2 d6 7. exd6 Bxd6 8. O-O O-O 9. Re1 Be7 10. d4 Nxc3 11. bxc3 Bd7 12. Bf4 Rc8 13. dxc5 Bxc5 {0-1 (49) Grischuk,A (2789)-Najer,E (2646) Moscow 2014}) 6. bxc3 {B29: Sicilian: 2 Nf3 Nf6 (Nimzowitsch Variation)} (6. dxc3 {is more complex.} b6 7. Bg2 Nc6 8. Qe2 Bb7 9. Bf4) 6... d5 7. exd6 Bxd6 8. Bg2 O-O 9. d4 Nc6 10. O-O h6 $146 ({Predecessor:} 10... Qc7 11. Ng5 cxd4 12. cxd4 h6 13. Ne4 {1-0 (41) Andyka,P (2297)-Vo,T (2399) Penang 2017}) 11. Be3 cxd4 12. cxd4 Bd7 13. c4 Rc8 14. Nd2 Na5 15. Rb1 b6 16. Qe2 Bc6 17. d5 exd5 18. cxd5 Bd7 19. Rbc1 Bf5 20. Nf3 Qd7 21. Nd4 Bg4 22. Qd3 Bc5 23. Nb3 (23. Rfe1 {keeps more tension.} Rfe8 24. h4 Red8 25. Bd2 Nb7 26. Bf4) 23... Nxb3 24. Qxb3 Bxe3 25. Qxe3 Bh3 (25... Qa4 $11 {keeps the balance.}) 26. Rxc8 $1 $16 Rxc8 27. Bxh3 {[%mdl 64] Overworked Piece} Qxh3 {[%mdl 4096] Endgame KQR-KQR} 28. Qe7 $1 Rf8 $2 {[%mdl 8192] [#]} (28... Rc4 $16) 29. d6 $2 (29. Rc1 $1 $18 {is the precise move to win.}) 29... Qe6 {Threatening ...Qxe7.} 30. Rd1 $36 {[%mdl 2048] Black must now prevent Qxf8+! White has strong initiative.} Ra8 31. Qb7 Rd8 32. Qxa7 Qg4 33. Rd2 Qb4 34. Qe7 Qxd2 35. Qxd8+ {[%mdl 64] Double Attack. KQ-KQ} Kh7 {[#]} 36. Qxb6 $2 ({Only move:} 36. Qe7 $1 $18 Qd1+ 37. Kg2 Qd5+ 38. f3) 36... Qd1+ $1 $14 37. Kg2 {Threatens to win with Qc6.} Qd5+ 38. Kg1 {Strongly threatening h3.} Qd1+ $1 39. Kg2 {Hoping for Qc6.} Qd5+ 40. f3 Qxa2+ 41. Kh3 (41. Qf2 $5 {[%cal Rf2a2]} Qd5 42. Qc2+ g6 43. Qc7 Qd2+ 44. Kh3 $16) 41... Qe6+ {The position is equal.} 42. g4 {aiming for Qd4.} Qe2 43. Kg3 Qe1+ 44. Kg2 Qd2+ 45. Kg3 Qe1+ 46. Kg2 {Accuracy: White = 57%, Black = 63%.} 1/2-1/2

[Event "KAZ-ch Open 2019"]
[Site "Almaty"]
[Date "2019.04.22"]
[Round "2.5"]
[White "Kvan, Andrey"]
[Black "Nogerbek, Kazybek"]
[Result "1-0"]
[WhiteElo "2286"]
[BlackElo "2341"]
[Annotator "NA"]
[PlyCount "81"]
[EventDate "2019.04.21"]
[EventType "tourn"]
[EventCountry "KAZ"]
[SourceTitle "playchess.com"]
[Source "ChessBase"]
[SourceQuality "1"]
[TimeControl "40/5400+30:1800+30"]

1. Nf3 {[%emt 0:00:00]} d5 {[%emt 0:00:04]} 2. c4 {[%emt 0:00:21]} d4 {[%emt 0:00:10]} 3. b4 {[%emt 0:01:29]} f6 {[%emt 0:00:10]} 4. e3 {[%emt 0:02:01]} dxe3 {[%emt 0:00:07]} 5. fxe3 {[%emt 0:00:17]} e5 {[%emt 0:00:10]} 6. Qb3 {[%emt 0:01:36]} a5 {[%emt 0:01:19]} 7. b5 {[%emt 0:02:08]} e4 {[%emt 0:01:26]} 8. Nd4 {[%emt 0:00:31]} f5 {[%emt 0:00:14]} 9. Bb2 {[%emt 0:05:11]} Nf6 {[%emt 0:00:38]} 10. Be2 {[%emt 0:00:49]} Bc5 {[%emt 0:05:04]} 11. O-O {[%emt 0:07:38]} g6 {[%emt 0:03:19]} 12. Kh1 {[%emt 0:10:28]} O-O {[%emt 0:02:45]} 13. Nc3 {[%emt 0:01:14]} Qe7 {[%emt 0:01:19]} 14. Nd5 {[%emt 0:04:13]} Nxd5 {[%emt 0:01:49]} 15. cxd5 {[%emt 0:00:02]} Bd6 {[%emt 0:21:40]} 16. Ne6 {[%emt 0:04:30]} Bxe6 {[%emt 0:05:49]} 17. dxe6 {[%emt 0:00:12]} h5 {[%emt 0:00:03]} 18. a4 {[%emt 0:05:30]} Kh7 {[%emt 0:00:30]} 19. Ba3 {[%emt 0:04:01]} c5 {[%emt 0:11:08]} 20. g3 {[%emt 0:00:31]} b6 {[%emt 0:00:40]} 21. Bc4 {[%emt 0:00:14]} Ra7 {[%emt 0:00:42]} 22. d3 {[%emt 0:02:28]} h4 {[%emt 0:04:16]} 23. Kg2 {[%emt 0:04:17]} Qg5 {[%emt 0:03:37]} 24. dxe4 {[%emt 0:08:49]} Bxg3 {[%emt 0:00:13]} 25. Ra2 {[%emt 0:00:51]} Bd6+ {[%emt 0:12:40]} 26. Kh1 {[%emt 0:00:21]} fxe4 {[%emt 0:01:39]} 27. Rxf8 {[%emt 0:04:51]} Bxf8 {[%emt 0:00:06]} 28. Rg2 {[%emt 0:00:19]} Qf5 {[%emt 0:01:53]} 29. Qd1 {[%emt 0:02:09]} Bh6 {[%emt 0:02:41]} 30. Qg4 {[%emt 0:02:06]} Re7 {[%emt 0:07:25]} 31. Qxh4 {[%emt 0:01:33]} g5 {[%emt 0:02:35]} 32. Qg3 {[%emt 0:03:11]} Qf3 {[%emt 0:02:58]} 33. Qxf3 {[%emt 0:00:24]} exf3 {[%emt 0:00:04]} 34. Rg3 {[%emt 0:00:07]} Kg6 {[%emt 0:03:20]} 35. Bb2 {[%emt 0:02:45]} g4 {[%emt 0:01:36]} 36. Be5 {[%emt 0:01:29]} Re8 {[%emt 0:01:09]} 37. e4 {[%emt 0:01:00]} Bg5 {[%emt 0:01:19]} 38. Rxg4 {[%emt 0:00:17]} Kh5 {[%emt 0:00:03]} 39. Rg3 {[%emt 0:00:52]} Rf8 {[%emt 0:01:35]} 40. Rxf3 {[%emt 0:00:00]} Rxf3 {[%emt 0:00:00]} 41. Be2 1-0

[Event "KAZ-ch Open 2019"]
[Site "Almaty"]
[Date "2019.04.22"]
[Round "2.6"]
[White "Kostenko, Petr"]
[Black "Ibrayev, Nurlan"]
[Result "0-1"]
[WhiteElo "2450"]
[BlackElo "2379"]
[Annotator "ChessBase"]
[PlyCount "94"]
[EventDate "2019.04.21"]
[EventType "tourn"]
[EventCountry "KAZ"]
[SourceTitle "playchess.com"]
[Source "ChessBase"]
[SourceQuality "1"]
[TimeControl "40/5400+30:1800+30"]

1. c4 {[%emt 0:00:00]} c6 {[%emt 0:01:28]} 2. Nf3 {[%emt 0:00:20]} d5 {[%emt 0:00:21]} 3. b3 {[%emt 0:00:12]} Bg4 {[%emt 0:01:04]} 4. Bb2 {[%emt 0:00:50]} e6 {[%emt 0:00:18]} 5. e3 {[%emt 0:04:55]} Nd7 {[%emt 0:00:36]} 6. h3 {[%emt 0:00:58]} Bh5 {[%emt 0:01:29]} 7. Be2 {[%emt 0:00:45]} Ngf6 {[%emt 0:00:42]} 8. Nc3 {[%emt 0:00:15]} Bd6 {[%emt 0:00:37]} 9. Rc1 {[%emt 0:06:19]} a6 {[%emt 0:03:09]} 10. g4 {[%emt 0:04:15]} Bg6 {[%emt 0:00:08]} 11. Nh4 {[%emt 0:00:49]} Qe7 {[%emt 0:13:44]} 12. d3 {[%emt 0:03:59]} Nf8 {[%emt 0:08:46]} 13. Nb1 {[%emt 0:09:26]} e5 {[%emt 0:07:18]} 14. cxd5 {[%emt 0:01:35]} Nxd5 {[%emt 0:01:36]} 15. Nxg6 {[%emt 0:07:56]} Nxg6 {[%emt 0:07:17]} 16. Nd2 {[%emt 0:02:53]} O-O {[%emt 0:01:49]} 17. Rc4 {[%emt 0:14:10]} b5 {[%emt 0:04:52]} 18. Rxc6 {[%emt 0:04:17]} Nb4 {[%emt 0:01:54]} 19. Rc1 {[%emt 0:00:52]} Nxa2 {[%emt 0:00:05]} 20. Ra1 {[%emt 0:00:13]} Nb4 {[%emt 0:00:03]} 21. Ne4 {[%emt 0:00:21]} Bc7 {[%emt 0:02:44]} 22. Qd2 {[%emt 0:06:12]} Nd5 {[%emt 0:09:47]} 23. Ba3 {[%emt 0:13:29]} b4 {[%emt 0:00:10]} 24. Bb2 {[%emt 0:00:01]} Bb6 {[%emt 0:01:30]} 25. g5 {[%emt 0:02:21]} Nh4 {[%emt 0:01:22]} 26. Rg1 {[%emt 0:00:50]} a5 {[%emt 0:02:54]} 27. Rc1 {[%emt 0:04:59]} Qa7 {[%emt 0:09:10]} 28. Rg4 {[%emt 0:05:11]} Nxe3 {[%emt 0:04:53]} 29. fxe3 {[%emt 0:00:36]} Bxe3 {[%emt 0:00:17]} 30. Qd1 {[%emt 0:01:33]} Bxc1 {[%emt 0:00:07]} 31. Qxc1 {[%emt 0:00:07]} Rac8 {[%emt 0:06:06]} 32. Qd2 {[%emt 0:00:34]} Nf5 {[%emt 0:05:06]} 33. Bxe5 {[%emt 0:00:17]} Ne3 {[%emt 0:00:07]} 34. Nf6+ {[%emt 0:02:27]} gxf6 {[%emt 0:02:36]} 35. gxf6+ {[%emt 0:00:21]} Kh8 {[%emt 0:00:02]} 36. Rg3 {[%emt 0:01:48]} Nc2+ {[%emt 0:01:42]} 37. Kf1 {[%emt 0:00:01]} Rg8 {[%emt 0:00:18]} 38. Rxg8+ {[%emt 0:00:19]} Rxg8 {[%emt 0:00:06]} 39. d4 {[%emt 0:00:16]} a4 {[%emt 0:02:30]} 40. Qxc2 {[%emt 0:00:00]} a3 {[%emt 0:00:00]} 41. Qa2 {[%emt 0:01:53]} Qb7 {[%emt 0:01:38]} 42. Kf2 {[%emt 0:02:57]} Qg2+ {[%emt 0:01:02]} 43. Ke3 {[%emt 0:00:04]} Rc8 {[%emt 0:01:03]} 44. d5 {[%emt 0:03:56]} Re8 {[%emt 0:02:00]} 45. Kd4 {[%emt 0:01:18]} Qf2+ {[%emt 0:00:18]} 46. Ke4 {[%emt 0:00:03]} Qxf6 {[%emt 0:00:12]} 47. Qa1 {[%emt 0:00:07]} Qxe5+ {[%emt 0:00:16] Qd1} 0-1

[Event "KAZ-ch Open 2019"]
[Site "Almaty"]
[Date "2019.04.23"]
[Round "3.1"]
[White "Ibrayev, Nurlan"]
[Black "Agmanov, Zhandos"]
[Result "1/2-1/2"]
[WhiteElo "2379"]
[BlackElo "2394"]
[Annotator "NA"]
[PlyCount "39"]
[EventDate "2019.04.21"]
[EventType "tourn"]
[EventCountry "KAZ"]
[SourceTitle "playchess.com"]
[Source "ChessBase"]
[SourceQuality "1"]
[TimeControl "40/5400+30:1800+30"]

1. d4 {[%emt 0:00:00]} Nf6 {[%emt 0:02:00]} 2. Nf3 {[%emt 0:00:00]} d5 {[%emt 0:00:13]} 3. g3 {[%emt 0:00:13]} c5 {[%emt 0:00:31]} 4. c4 {[%emt 0:00:16]} cxd4 {[%emt 0:00:30]} 5. cxd5 {[%emt 0:01:20]} Nxd5 {[%emt 0:07:09]} 6. Qa4+ {[%emt 0:10:17]} Nc6 {[%emt 0:17:43]} 7. Nxd4 {[%emt 0:01:03]} Bd7 {[%emt 0:01:48]} 8. Bg2 {[%emt 0:02:14]} Qb6 {[%emt 0:29:49]} 9. Nf3 {[%emt 0:10:44]} Rc8 {[%emt 0:09:54]} 10. O-O {[%emt 0:25:53]} e6 {[%emt 0:00:17]} 11. Nc3 {[%emt 0:01:49]} Nxc3 {[%emt 0:14:51]} 12. bxc3 {[%emt 0:00:13]} Ne5 {[%emt 0:00:12]} 13. Qb3 {[%emt 0:10:52]} Nxf3+ {[%emt 0:00:24]} 14. Bxf3 {[%emt 0:00:09]} Bc6 {[%emt 0:00:05]} 15. Be3 {[%emt 0:04:25]} Bc5 {[%emt 0:03:29]} 16. Qxb6 {[%emt 0:06:13]} Bxb6 {[%emt 0:00:21]} 17. Bxb6 {[%emt 0:01:21]} Bxf3 {[%emt 0:00:22]} 18. exf3 {[%emt 0:10:29]} axb6 {[%emt 0:00:07]} 19. Rfb1 {[%emt 0:00:53]} Rc6 {[%emt 0:00:54]} 20. c4 {[%emt 0:02:38]} 1/2-1/2

[Event "KAZ-ch Open 2019"]
[Site "Almaty"]
[Date "2019.04.23"]
[Round "3.2"]
[White "Nogerbek, Kazybek"]
[Black "Kostenko, Petr"]
[Result "0-1"]
[WhiteElo "2341"]
[BlackElo "2450"]
[Annotator "TA"]
[PlyCount "74"]
[EventDate "2019.04.21"]
[EventType "tourn"]
[EventCountry "KAZ"]
[SourceTitle "playchess.com"]
[Source "ChessBase"]
[SourceQuality "1"]

{[%evp 11,78,35,47,-72,-72,-81,-71,-69,-87,-102,-106,-95,-108,-126,-45,-112,-119,-100,-108,-111,-104,-125,-118,-185,-187,-185,-147,-164,-174,-164,-172,-184,-174,-178,-179,-170,-139,-244,-226,-240,-183,-170,-175,-169,-149,-218,-205,-289,-289,-304,-303,-295,-293,-277,-244,-224,-226,-357,-357,-395,-393,-434,-368,-1170,-1077,-1232,-1241,-1047,-758]} 1. d4 Nf6 2. Nf3 e6 3. c4 d5 4. g3 dxc4 5. Bg2 b5 {[%cal Bb7b5,Bb5b4,Bb4c3][%mdl 32]} 6. a4 c6 7. Nc3 {E04: Open Catalan: 5 Nf3} (7. Ne5 $14 {stays ahead.}) 7... b4 $17 8. Nb1 Nbd7 9. Bg5 {Black is better.} Ba6 10. Nbd2 c3 11. bxc3 bxc3 12. Nb3 Rc8 (12... Bb4 $17 13. O-O O-O) 13. O-O {[#]} (13. Qc2 $1 $15) 13... h6 $146 ({Predecessor:} 13... Bb4 14. Qc2 h6 {1-0 (39) Granda Zuniga,J (2610)-Piket,J (2580) Amsterdam 1996}) 14. Bxf6 Qxf6 15. Qc2 Bb4 $36 {[%mdl 2048] Black has strong initiative.} 16. Rab1 {[#]} O-O $1 17. Nc1 (17. Nc5 $17 Bxc5 18. dxc5) 17... c5 $19 18. Rd1 {Threatens to win with dxc5.} Rc7 19. Nd3 Bxd3 20. Rxd3 a5 21. d5 exd5 22. Rxd5 {[#]} Nb6 $1 {[%cal Rb6d5]} 23. Rf5 Qe7 24. Rd1 (24. Rf4 $17) 24... Rd7 25. Rc1 g6 26. Rf4 Rd6 27. h4 Re6 28. e4 (28. e3 $17) 28... Nc4 29. Bh3 (29. Bf1 $142 Nd2 30. Nxd2 cxd2 31. Rd1) 29... Rf6 30. Qe2 Rxf4 31. gxf4 Nd2 32. e5 Nxf3+ 33. Qxf3 Qxh4 34. Kh2 (34. Kg2 {is a better defense.}) 34... Rd8 35. e6 c4 {Strongly threatening ...Rd3!} 36. exf7+ Kg7 {...Rd3! is the strong threat.} 37. Rg1 $2 {[#]} (37. Kg2 Rd3 38. Qg4 Qxg4+ 39. Bxg4) 37... c2 {Played: Rd8-d3} 0-1